01562 2200661 4500001002100000005001500021035002000036007000300056008004100059020002200100082001400122084002000136100003400156245008900190250001500279300004200294650002800336264003000364336002100394337003000415338002300445990001200468990001200480990001200492990001200504990001200516990001200528990001200540990001200552990001200564990001200576990001200588990001200600990001200612990001200624990001200636990001200648990001200660990001200672990001200684990001200696990001200708990001200720990001200732990001200744990001200756990001200768990001200780990001200792990001200804990001200816990001200828990001200840990001200852990001200864990001200876990001200888INLIS00000000000067220260109084707 a0010-0126000012ta260109 0 ind  a978-623-01-4565-2 a629.2.076 a629.2.076 MU p0 aMuh Nur Eli BrahimePengarang1 aPerawatan Berkala Kendaraan Ringan :bSMK/MAK Fase F Kelas XII /cMuh Nur Eli Brahim aed 1 cet 1 axxvi + 230 hlm :bilus ;c17,6 x 25cm 4aTeknik kendaraan Ringan aYogyakarta :bAndi,c2025 2rdacontentateks 2rdamediaatanpa perantara 2rdacarrieravolume a25.1673 a25.1674 a25.1675 a25.1676 a25.1677 a25.1678 a25.1679 a25.1680 a25.1681 a25.1682 a25.1683 a25.1684 a25.1685 a25.1686 a25.1687 a25.1688 a25.1689 a25.1690 a25.1691 a25.1692 a25.1693 a25.1694 a25.1695 a25.1696 a25.1697 a25.1698 a25.1699 a25.1700 a25.1701 a25.1702 a25.1703 a25.1704 a25.1705 a25.1706 a25.1707 a25.1708